| 000 | 00441nam a2200181Ia 4500 | ||
|---|---|---|---|
| 001 | 13010 | ||
| 005 | 20260306163022.0 | ||
| 008 | 260306t2006||||xx |||||||||||||| ||spa|| | ||
| 041 | _aESP | ||
| 082 |
_aRD 657.03 _bB61 |
||
| 100 |
_aBlanes Prieto, Joaquín _eAUT |
||
| 245 | 0 | _aDiccionario de términos contables | |
| 260 | _c2006 | ||
| 300 |
_axxv, 354 páginas : _ccm. |
||
| 650 | _aGEN | ||
| 654 | _aCCO | ||
| 942 |
_cDIC _dJUS _fJUS _2ddc _n |
||
| 999 |
_c13010 _d13010 |
||